Géographie: La Réunion - Statistiques

Statistiques générales
  • Ce quiz a été pris 189 fois
    174 depuis la dernière actualisation
  • Le résultat moyen est 11 sur 16
Statistiques - réponses
Questions Réponses % Correct
Quelles sont les 5 plus grandes villes de ce département ? Saint-Denis
99%
Dans quel océan océan est situé ce territoire ? Océan Indien
96%
Quel est le numéro de département de La Réunion ? 974
95%
Quel autre sommet est connu pour son activité volcanique ? Piton de la Fournaise
90%
Saint-Pierre
90%
Saint-Paul
83%
Quel est le point culminant de La Réunion ? Piton des Neiges
82%
Quel est le surnom de cette île, notamment à l'époque des colonies ? Ile Bourbon
79%
Quel footballeur ayant évolué à Saint-Etienne et Marseille a des origines réunionnaises ? Dimitri Payet
77%
Dans quel archipel La Réunion est située ? Mascareignes
73%
Quelle plante est abondamment cultivée à La Réunion ? Vanille
71%
Le Tampon
65%
La Réunion est le département d'outre-mer le plus _____. Peuplé
59%
Saint André
57%
En quelle année la Réunion a-t-elle été départementalisée ? 1946
26%
Comment s'appelle les cratères formés dans les volcans désormais éteints ? Caldeiras
6%
Aucun quiz correspondant
Distribution des résultats
% des personnes avec chaque résultat
Percentile par nombre de réponses
Votre historique - résultats
Vous n’avez pas pris ce quiz depuis la dernière actualisation